Relación simuladores y aprendizaje en problemas de descubrimiento

Las investigaciones contemporáneas en Educación y Ciencia Cognitiva muestran una creciente interrelación. En especial se observa un paralelismo entre los estudios sobre agentes artificiales y psicología cognitiva con proyecciones en idelaes educativos.La simulación de los procesoso de solución de pr...

Ausführliche Beschreibung

Gespeichert in:
Bibliographische Detailangaben
Weitere Verfasser: Maldonado Granados, Luis Facundo
Format: Buch
Sprache:Spanish
Veröffentlicht: Bogotá: UPN ; IDEP, 2001
Ausgabe:1
Schlagworte:
Online Zugang:Para acceder al PDF haga clic aquí
Tags: Tag hinzufügen
Keine Tags, Fügen Sie den ersten Tag hinzu!

MARC

LEADER 00000nam a2200000 a 4500
001 000464
003 OSt
005 20181012100039.0
008 021030s2001 ck aa fr## o000|0#spa#d
999 |c 2617  |d 2617 
020 |a 958-200-617- X 
040 |c CNA-IDEP 
041 0 |a spa 
043 |a s-ck--- 
082 0 4 |a 371.397  |b R382r 
245 0 0 |a Relación simuladores y aprendizaje en problemas de descubrimiento   |c Luis Facundo Maldonado Granados ... [et al.] 
250 |a 1 
260 |a Bogotá:  |b UPN ; IDEP,  |c 2001 
300 |a 160 p.:  |b il., gráf., tabl. 
504 |a Incluye bibliografía. 
520 3 |a Las investigaciones contemporáneas en Educación y Ciencia Cognitiva muestran una creciente interrelación. En especial se observa un paralelismo entre los estudios sobre agentes artificiales y psicología cognitiva con proyecciones en idelaes educativos.La simulación de los procesoso de solución de problemas de descubrimiento en entornos vituales constitutye el tema central de esta publicación. El estudio individual de los procesos de solución de problemas usando simuladores se diferencia en su dinámica, frente al estudio colaborativo de los mismos. 
650 1 4 |a ENSEÑANZA CON AYUDA DE COMPUTADORES  |z COLOMBIA  |9 2075 
650 1 4 |a SIMULACIÓN POR COMPUTADORES  |9 5356 
700 1 |a Maldonado Granados, Luis Facundo  |9 3184 
856 |u http://biblioteca.idep.edu.co/libros/Relacion_simuladores_y_aprendizaje.pdf  |y Para acceder al PDF haga clic aquí 
942 |2 ddc  |c BK